000 01026nam a2200265Ia 4500
003 OSt
005 20221005103537.0
006 a|||||r|||| 00| 0
007 ta
008 221004b |||||||| |||| 00| 0 hin d
020 _a9788188741335 (hbk)
_c225
024 _a13794
037 _b693/1, 28/02/2014, Vidyanidhi Prakashan
_cTextual
040 _aCRL
_cCRL
_bhin
041 _2hin
_ahin
082 _aO15:g(S:55), 152Q0
100 _aमिश्र, रतनलाल
245 0 _aसंस्कृत साहित्य में प्रेम और काम
246 _aSanskṛut sāhitya mean prem aur kāma
260 _aजयपुर
_bराष्ट्रीय संस्कृत साहित्य भारत
_c2010
300 _a138पृ0
_ccm.
650 _aसंस्कृत साहित्य
942 _hO15:g(S:55), 152Q0
_cTEXL
_2cc
999 _c1010259
_d1010259